| 000 | 01288cad a22002175a 4500 | ||
|---|---|---|---|
| 001 | E152570 | ||
| 008 | 110329s2011 xxk 000 0 eng u | ||
| 035 | _a(Sirsi) u152570 | ||
| 041 | 0 | _aeng | |
| 110 | 2 |
_aRoyal Institution of Chartered Surveyors _bEurope _95921 |
|
| 245 | 0 | 0 |
_aRICS best practice & guidance note for technical due diligence of commercial, industrial & residential property in continental Europe _h[electronic resource] _c[old edition] |
| 260 |
_aBrussels _bRICS Europe _c2011 |
||
| 490 | 0 | _aRICS Guidance Note | |
| 520 | _aThis document seeks to provide practical guidance in relation to Technical Due Diligence reports in continental Europe for the benefit of both property professionals (the professionals providing technical due diligence services) and their clients (the recipients of those services). | ||
| 520 | _aSuperseded by Technical due diligence of commercial property 1st edition, global guidance note (ISBN 9781783213788) | ||
| 590 | _aKA | ||
| 651 | 4 | _aEurope | |
| 690 | _aPROPERTY-ACQUISITION AND DISPOSAL OF PROPERTY | ||
| 856 | 4 | 0 |
_uhttps://www.isurv.com/downloads/download/1928/technical_due_diligence_of_commercial_industrial_and_residential_property_in_continental_europe_archived _zArchived on iSurv (subscription required) |
| 942 |
_n0 _2ddc |
||
| 999 |
_c112122 _d112122 |
||